Guess the Anime by the Main Character - Statistics

General Stats
  • This quiz has been taken 190 times
  • The average score is 27 of 70
Answer Stats
Answer % Correct
Naruto Uzumaki Naruto
100%
Monkey D. Luffy One Piece
99%
Son Goku Dragon Ball
96%
Yuji Itadori JuJutsu Kaisen
90%
Ichigo Kurosaki Bleach
88%
Tanjiro Kamado Demon Slayer
87%
Light Yagami Death Note
85%
Gon Freecs Hunter x Hunter
85%
Eren Yeager Attack on Titan
84%
Baki Hanma Baki
82%
Izuku Midoriya My Hero Academia
81%
Denji Chainsaw Man
78%
Saitama One Punch Man
78%
Frieren Frieren: Beyond Journey's End
76%
Ken Kaneki Tokyo Ghoul
76%
Thorfinn Karlsefni Vinland Saga
75%
Sung Jin-Woo Solo Leveling
74%
Asta Staria Black Clover
67%
Hinata Shoyo Haikyuu
64%
Loid Forger Spy x Family
59%
Isagi Yoichi Blue Lock
54%
Natsu Dragneel Fairy Tail
54%
Kirito Sword Art Online
52%
Gintoki Sakata Gintama
48%
Taro Sakamoto Sakamoto Days
46%
Mash Burnedead Mashle
43%
Takemichi Hanagaki Tokyo Revengers
41%
Subaru Natsuki Re:Zero
40%
Ishigami Senku Dr Stone
38%
Maomao The Apothecary Diaries
37%
Nagisa Shiota Assassination Classroom
36%
Wakana Gojo My Dress-Up Darling
34%
Spike Spiegel Cowboy Bebop
33%
Shinra Kusakabe Fire Force
32%
Yui Hirasawa K-on
32%
Kusuo Saiki The Disastrous Life of Saiki K
30%
Kiyotaka Ayanakoji Classroom of the Elite
29%
Ranma Saotome Ranma 1/2
29%
Kazuma Satou Konosuba
28%
Aqua Hoshino Oshi no Ko
28%
Izumi Miyamura Horimiya
25%
Rimuru Tempest That Time I Got Reincarnated as a Slime
23%
Shigeo Kageyama Mob Psycho 100
22%
Hibino Kafka Kaiju No. 8
21%
Rintaro Okabe Steins;Gate
20%
Yusuke Urameshi Yuu Yuu Hakusho
18%
Tatsumi Akame ga Kill
16%
Taiki Inomata Blue Box
14%
Hikigaya Hachiman Oregairu
14%
Futaro Uesugi The Quintessential Quintuplets
14%
Kotaro Kotaro Lives Alone
13%
Ryuji Takasu Toradora
13%
Masachika Kuze Alya Sometimes Hides Her Feelings In Russian
12%
Hitori Gotoh Bocchi the Rock
12%
Sawako Kuronuma From me to You
12%
Sakura Azusagawa Rascal Does Not Dream of Bunny Girl Senpai
12%
Miyako Shikimori Shikimori's not just a Cutie
12%
Tsumugi Rintaro The Fragrant Flower Blooms With DIgnity
12%
Atsushi Nakajima Bungou Stray Dogs
10%
Miyuki Shirogane Kaguya-Sama Love is War
10%
Tomoya Okazaki Clannad
7%
Tadano Hitohito Komi Can't Communicate
7%
Anos Voldigoad The Misfit of Demon King Academy
7%
Amane Fujimiya The Angel Next Door Spoils me Rotten
5%
Jirou Yakuin More than a Married Couple but Not Lovers
4%
Morihito Otogi Witch Watch
3%
Shiki Tsubasa Hokkaido Gals are Super Adorable
2%
Shiki Ichinose Tougen Anki
2%
Junta Shiraishi Kubo Won't Let me be Invisible
1%
Miyo Kudou My Happy Marriage
1%
No matching quizzes found
Score Distribution
Percent of People with Each Score
Percentile by Number Answered
Your Score History
You have not taken this quiz